<?xml version="1.0" encoding="UTF-8"?>
<collection xmlns="http://www.loc.gov/MARC21/slim">
 <record>
  <leader>00604cam a2200205ua 4500</leader>
  <controlfield tag="001">EEA.libagro010472</controlfield>
  <controlfield tag="008">840302s1960####ru#a##########000#0#ruso#</controlfield>
  <controlfield tag="005">20200227132431.0</controlfield>
  <datafield tag="242" ind1="1" ind2="0">
   <subfield code="a">Hidrología general</subfield>
  </datafield>
  <datafield tag="245" ind1="1" ind2="0">
   <subfield code="a">Obshchaia gidrologiia.</subfield>
  </datafield>
  <datafield tag="260" ind1=" " ind2=" ">
   <subfield code="a">Leningrad :</subfield>
   <subfield code="b">Gidrometeorologicheskoe izd-vo,</subfield>
   <subfield code="c">1960.</subfield>
  </datafield>
  <datafield tag="300" ind1=" " ind2=" ">
   <subfield code="a">539 p. :</subfield>
   <subfield code="b">il. ;</subfield>
   <subfield code="c">23 cm.</subfield>
  </datafield>
  <datafield tag="100" ind1="1" ind2=" ">
   <subfield code="a">Chebotarev, Aleksandr Ivanovich.</subfield>
  </datafield>
  <datafield tag="082" ind1="0" ind2="4">
   <subfield code="a">551.48</subfield>
  </datafield>
  <datafield tag="650" ind1=" " ind2="7">
   <subfield code="a">Hidrología</subfield>
   <subfield code="2">agrovoc</subfield>
  </datafield>
  <datafield tag="010" ind1=" " ind2=" ">
   <subfield code="a">   61021620 </subfield>
  </datafield>
  <datafield tag="040" ind1=" " ind2=" ">
   <subfield code="a">DLC</subfield>
   <subfield code="c">CarP</subfield>
   <subfield code="d">DLC</subfield>
  </datafield>
  <datafield tag="041" ind1="1" ind2=" ">
   <subfield code="a">rus</subfield>
  </datafield>
  <datafield tag="050" ind1="0" ind2="0">
   <subfield code="a">GB661</subfield>
   <subfield code="b">.C52</subfield>
  </datafield>
  <datafield tag="859" ind1=" " ind2=" ">
   <subfield code="a">AR-BbBCA</subfield>
   <subfield code="b">BIB. AGRONOMIA</subfield>
   <subfield code="h">551.48</subfield>
   <subfield code="i">C514</subfield>
   <subfield code="p">1968/0048</subfield>
  </datafield>
 </record>
</collection>
